书目信息 |
| 书名: | Corner Shop | |
| 作者: | Roopa Farooki | |
| 分册号: | ||
| 分册名: | 出版地: | U.K. |
|
| 出版社: | Pan Books | |
| 出版时间: | 2010 | |
| 页数: | 355p | |
| 开本: | 18cm | |
| 丛书名: | ||
| 中图分类号: | ||
| 科图分类号: | ||
| 其他分类号: | I712.55 | |
| 主题词: | ||
| 电子资源: | ||
| 000 | 00463nam0 2200193 450 | |
| 001 | 052012176429 | |
| 005 | 20121204112143.0 | |
| 008 | 20021229d1997 em y0chiy0121 ea | |
| 020 | @a978-0-330-45594-7@c$6.99 | |
| 041 | @aeng | |
| 091 | @aI712.55 | |
| 099 | @dI712.55@eR778 | |
| 245 | 10 | @aCorner Shop @cRoopa Farooki |
| 260 | @aU.K.@bPan Books@c2010 | |
| 300 | @a355p@c18cm | |
| 521 | @aCorner Shop | |
| 905 | @b12373 | |
| 905 | @b14658 | |
| 905 | @aTSG@dI712.55@eR778 | |
| Corner Shop / Roopa Farooki.-U.K. : Pan Books , 2010 |
| 355p ; 18cm |
| Corner Shop |
| ISBN 978-0-330-45594-7$6.99 |
| ● |
| 相关链接 |
|
|
|
正题名:Corner Shop
索取号:I712.55/R778
 
预约/预借
| 序号 | 登录号 | 条形码 | 馆藏地/架位号 | 状态 | 备注 |